[Event "FIDE Chess.com Grand Swiss"]
[Site "Douglas"]
[Date "2019.10.12"]
[Round "3"]
[White "Dubov, Daniil"]
[Black "Narayanan, Sunilduth Lyna"]
[Result "1/2-1/2"]
[WhiteElo "2699"]
[BlackElo "2611"]
[PlyCount "100"]
[EventDate "2019.10.10"]
[EventType "swiss"]
[EventRounds "11"]
[EventCountry "IOM"]
[SourceTitle "CBM 193"]
[Source "ChessBase"]
[SourceDate "2019.12.31"]
[SourceVersion "1"]
[SourceVersionDate "2019.12.31"]
[SourceQuality "1"]

1. Nf3 d5 2. d4 Nf6 3. c4 e6 4. Bg5 dxc4 5. e4 c5 6. Bxc4 cxd4 7. O-O Nc6 8. Re1 Be7 9. e5 Nd7 10. Bxe7 Qxe7 11. Nbd2 O-O 12. Rc1 Rd8 13. h4 $146 ({RR} 13. a3 Rb8 14. Bd3 a5 15. Nc4 Nc5 16. Bb1 b6 17. Nd6 Ba6 18. Qd2 d3 19. Qf4 f6 20. Ne4 fxe5 21. Nxe5 Nxe5 22. Qxe5 Rbc8 23. Nd2 a4 24. Ba2 Kh8 25. h3 Qf6 26. Qxf6 gxf6 27. f3 Nb3 {Aleksandrov,A (2574)-Tsvetkov,A (2394) Cheliabinsk 2021 0-1 (59)}) ({RR} 13. a3 Nf8 14. b4 Bd7 15. Bd3 Be8 16. Nb3 a5 17. b5 a4 18. bxc6 axb3 19. cxb7 Rab8 20. Be4 Qxa3 21. Rb1 Ba4 22. Qd2 Qc5 23. Rec1 Qb5 24. Bc6 Qa6 25. Be4 Qb5 26. Bc6 Qa6 27. Be4 Qb5 {Krysa,L (2515)-Garrido Outon,A (2436) Ovar 2022 ½-½}) 13... Nc5 14. a3 a5 15. h5 b6 16. h6 g6 17. Bb5 Bb7 18. b4 axb4 19. Bxc6 Bxc6 20. axb4 Ba4 21. Qe2 Nb3 22. Nxb3 Bxb3 23. Qd2 Bd5 24. Ng5 Rd7 25. Ra1 Rb8 26. Ra3 Rc8 27. Rd3 Bb7 28. Rd1 Rc4 29. b5 f6 30. exf6 Qxf6 31. Re1 Bd5 32. Nf3 Bxf3 33. Rxf3 Qe7 34. Rf4 Rd6 35. Rfe4 Qd7 36. Qa2 Qc8 37. R1e2 Rc1+ 38. Kh2 Qf8 39. Qd2 Rc5 40. Rxe6 Rxe6 41. Rxe6 Rh5+ 42. Kg1 Qxh6 43. Qxh6 Rxh6 44. Rxb6 Rh5 45. Rb8+ Kf7 46. b6 Rb5 47. Kf1 h5 48. Ke2 Rb3 49. Kd2 d3 50. b7 Kg7 1/2-1/2

[Event "Chess.com Classic Winners"]
[Site "chess.com INT"]
[Date "2025.05.20"]
[Round "1.1"]
[White "Nakamura, Hi"]
[Black "Aronian, L."]
[Result "1/2-1/2"]
[WhiteElo "2804"]
[BlackElo "2747"]
[PlyCount "100"]
[EventDate "2025.05.20"]
[EventType "k.o."]

1. d4 d5 2. c4 e6 3. Nf3 Nf6 4. e3 b6 5. Nc3 Bd6 6. cxd5 exd5 7. Bb5+ c6 8. Bd3 O-O 9. Qc2 Re8 10. O-O Ba6 11. Bxa6 Nxa6 12. Qa4 Qc8 13. Bd2 Qb7 14. Rac1 Rad8 15. Rfd1 h6 $146 ({RR} 15... c5 16. Nb5 Bb8 17. Be1 Ne4 18. dxc5 Naxc5 19. Qa3 a6 20. Nbd4 Bd6 21. b4 Ne6 22. Qb3 Nxd4 23. Rxd4 Nf6 24. b5 Bc5 25. bxa6 Qxa6 26. Ra4 Qc8 27. h3 Qd7 28. Rd1 h6 29. Bc3 Ne4 30. Bd4 {Pavlovic,M (2461)-Salzgeber,F (2131) Samnaun 2022 ½-½ (49)}) ({RR} 15... c5 16. Nb5 Bb8 17. Be1 Ne4 18. dxc5 Naxc5 19. Qa3 a6 20. Nbd4 Bd6 21. b4 Ne6 22. Qb3 Nxd4 23. Rxd4 Nf6 24. b5 Bc5 25. bxa6 Qxa6 26. Ra4 Qc8 27. h3 Qd7 28. Rd1 h6 29. Bc3 Ne4 30. Bd4 {Pavlovic,M (2461)-Salzgeber,F (2131) Samnaun 2022 ½-½ (49)}) 16. a3 Nc7 17. Ne2 c5 18. dxc5 bxc5 19. Qc2 d4 20. Ng3 Ne6 21. Nf5 Bf8 22. exd4 cxd4 23. b4 Rd5 24. Ng3 Bd6 25. Qc6 Qxc6 26. Rxc6 Bxg3 27. hxg3 Ne4 28. Be1 d3 29. Bd2 Nxd2 30. Rxd2 Nd4 31. Rc5 Nxf3+ 32. gxf3 Rxc5 33. bxc5 Rc8 34. Rxd3 Rxc5 35. Rd8+ Kh7 36. Rd7 Ra5 37. Rxf7 Rxa3 38. f4 a5 39. f5 Kg8 40. Ra7 a4 41. Kg2 h5 42. f3 Ra1 43. Kh3 Rh1+ 44. Kg2 Ra1 45. Kf2 Ra3 46. g4 hxg4 47. fxg4 g5 48. Ra6 Kf7 49. Rg6 Ra2+ 50. Kf3 a3 1/2-1/2

[Event "2nd 3-0 Thu 19th Mar 2026"]
[Site "chess.com INT"]
[Date "2026.03.19"]
[Round "8"]
[White "Martirosyan, Haik M."]
[Black "Duda, J."]
[Result "0-1"]
[WhiteElo "2626"]
[BlackElo "2739"]
[PlyCount "100"]
[EventDate "2026.03.19"]

1. d4 d5 2. c4 e6 3. Nf3 Nf6 4. cxd5 exd5 5. Nc3 c6 6. Qc2 g6 7. Bg5 Bg7 8. e3 h6 9. Bf4 Bf5 10. Bd3 Bxd3 11. Qxd3 O-O 12. O-O Re8 $146 ({RR} 12... Nh5 13. Bxb8 Qxb8 14. b4 Qd6 15. Rab1 a6 16. Na4 Rae8 17. Nc5 Re7 18. a4 f5 19. b5 axb5 20. axb5 g5 21. bxc6 bxc6 22. Rb7 g4 23. Nd2 Nf6 24. Rxe7 Qxe7 25. Qa6 Qd6 26. Ndb3 Ne4 27. Nxe4 {Volkov,S (2456)-Remizov,Y (2437) Khanty-Mansiysk RUS 2023 1-0 (59)}) ({RR} 12... Nh5 13. Bxb8 Qxb8 14. b4 Qd6 15. Rab1 a6 16. Na4 Rae8 17. Nc5 Re7 18. a4 f5 19. b5 axb5 20. axb5 g5 21. bxc6 bxc6 22. Rb7 g4 23. Nd2 Nf6 24. Rxe7 Qxe7 25. Qa6 Qd6 26. Ndb3 Ne4 27. Nxe4 {Volkov,S (2456)-Remizov,Y (2437) Khanty-Mansiysk RUS 2023 1-0 (59)}) 13. Qc2 Nbd7 14. h3 Rc8 15. b4 b5 16. a4 a5 17. Qb3 axb4 18. Qxb4 g5 19. Bh2 bxa4 20. Nxa4 Ne4 21. Rac1 h5 22. Nd2 Bf8 23. Qb2 g4 24. hxg4 hxg4 25. Nxe4 Rxe4 26. Qe2 Qh4 27. Rfd1 Re6 28. Bg3 Qh5 29. Qd3 Rce8 30. Kf1 Qh1+ 31. Ke2 Qxg2 32. Kd2 Rxe3 33. Qf5 Rxg3 34. Rh1 Bg7 35. Rcg1 Qf3 36. Qh7+ Kf8 37. fxg3 Re2+ 38. Kc1 Qe3+ 39. Kb1 Qb3+ 40. Kc1 Qxa4 41. Qb1 Qxd4 42. Qb3 Qd2+ 43. Kb1 Qa5 44. Kc1 Qa1+ 45. Qb1 Bb2+ 46. Kd1 Qxb1+ 47. Kxe2 Qe4+ 48. Kf2 Bd4+ 49. Kf1 Qf3+ 50. Ke1 Bc3# 0-1

[Event "Titled Tue 12th Sep Late"]
[Site "chess.com INT"]
[Date "2023.09.12"]
[Round "8"]
[White "Deac, Bogdan-Daniel"]
[Black "Carlsen, M."]
[Result "0-1"]
[WhiteElo "2702"]
[BlackElo "2839"]
[PlyCount "98"]
[EventDate "2023.09.12"]

1. d4 d5 2. c4 e6 3. Nf3 c6 4. Nbd2 Nf6 5. g3 c5 6. cxd5 exd5 7. Bg2 Nc6 ({RR} 7... Nbd7 8. dxc5 Nxc5 9. O-O Be7 10. b3 O-O 11. Bb2 Bf5 12. Nd4 Bg6 13. Rc1 a6 14. N2f3 Be4 15. Bh3 Re8 16. Nd2 Bg6 17. Nf5 Bf8 18. Nf3 Ne6 19. N5h4 Bh5 20. Bxf6 gxf6 21. Nf5 Bg6 22. Qd2 {Akobian,V (2624)-Tregubov,P (2642) Khanty-Mansiysk 2009 1-0 (52)}) 8. O-O h6 9. Re1 $146 ({RR} 9. dxc5 Bxc5 10. a3 O-O 11. b4 Bb6 12. Bb2 Re8 13. Nb3 Qe7 14. e3 Bg4 15. Rc1 Rad8 16. b5 Na5 17. Nxa5 Bxa5 18. Qa4 Bxf3 19. Bxf3 Bb6 20. Qh4 Ne4 21. Qxe7 Rxe7 22. Rc2 f5 23. Rd1 Kf7 {Rogers,I (2455)-Raicevic,V Valjevo 1984 ½-½ (43)}) ({RR} 9. dxc5 Bxc5 10. Nb3 Bb6 11. Bd2 O-O 12. Bf4 Re8 13. Rc1 Bg4 14. h3 Bh5 15. g4 Bg6 16. Nbd4 Nxd4 17. Nxd4 Re4 18. Bxe4 Nxe4 19. Nf3 Qf6 20. Be5 Qe6 21. Bd4 h5 22. Ne5 hxg4 23. Nxg4 Ng5 {Savran,B (2070)-Masague Artero,G (2397) chess.com INT 2026 1-0 (38)}) 9... cxd4 10. Nb3 Bd6 11. Nbxd4 O-O 12. b3 Re8 13. Bb2 Bb4 14. Rf1 Nxd4 15. Qxd4 Ba5 16. Qd3 Bb6 17. Rad1 Be6 18. Nd4 Bg4 19. Rfe1 Rc8 20. h3 Bh5 21. g4 Bg6 22. Nf5 h5 23. Bf3 hxg4 24. hxg4 Ne4 25. Bxe4 Rxe4 26. Qxe4 dxe4 27. Rxd8+ Rxd8 28. Bc3 Bxf5 29. gxf5 Rd5 30. f6 g5 31. e3 Kh7 32. b4 Kg6 33. Rc1 a6 34. a4 Bc7 35. Kg2 Bd6 36. Bd4 Bxb4 37. Rc7 b5 38. axb5 axb5 39. Rb7 Bf8 40. f3 exf3+ 41. Kxf3 b4 42. Kg4 Bc5 43. Bxc5 Rxc5 44. Rxb4 Re5 45. e4 Kxf6 46. Rb6+ Re6 47. Rb4 Kg6 48. Rc4 Rxe4+ 49. Rxe4 f5+ 0-1

[Event "Vladimir Dvorkovich Open"]
[Site "Aktobe KAZ"]
[Date "2024.05.31"]
[Round "7.6"]
[White "Puranik, A."]
[Black "Paravyan, D."]
[Result "1-0"]
[WhiteElo "2629"]
[BlackElo "2606"]
[PlyCount "97"]
[EventDate "2024.05.25"]

1. Nf3 d5 2. g3 Nf6 3. Bg2 e6 4. O-O Be7 5. c4 O-O 6. b3 c5 7. cxd5 exd5 8. d4 Nc6 9. Bb2 Ne4 10. dxc5 Bxc5 11. e3 Bg4 ({RR} 11... Qe7 12. Nc3 Nxc3 13. Bxc3 Rd8 14. Nd4 Bxd4 15. Bxd4 Bf5 16. Bb2 Qe6 17. Re1 Be4 18. f3 Bg6 19. Qd2 h5 20. Rac1 Rd7 21. b4 a6 22. a4 f6 23. Red1 Rad8 24. Bd4 Ne5 25. Qe2 Nc4 26. Re1 {Vidit,S (2739)-Narayanan,S (2647) Kolkata IND 2024 1-0 (57)}) 12. h3 ({RR} 12. Nc3 Nxc3 13. Bxc3 d4 14. exd4 Nxd4 15. Bxd4 Bxf3 16. Qxf3 Qxd4 17. Rad1 Qb2 18. Qf5 Bb6 19. Bxb7 g6 20. Qf3 Rad8 21. a4 Kg7 22. Kg2 Rfe8 23. Bd5 Qf6 24. b4 Re7 25. a5 Bd4 26. b5 Bc3 {Mamedyarov,S (2717)-Mamedov,R (2636) Hong Kong HKG 2026 ½-½ (59)}) 12... Bf5 $146 ({RR} 12... Be6 13. Nc3 Re8 14. Ne2 Qd6 15. Nfd4 Rad8 16. Rc1 Bb6 17. Nxe6 Qxe6 18. Nd4 Qg6 19. Kh2 h5 20. h4 Ne5 21. Nf3 Nxf3+ 22. Bxf3 Bxe3 23. fxe3 Qxg3+ 24. Kh1 Nf2+ 25. Rxf2 Qxf2 26. Rc2 Qxe3 27. Rg2 {Barlov,D (2520)-Spacek,P (2415) St Ingbert 1989 ½-½ (46)}) 13. Nc3 Nxc3 14. Bxc3 Be4 15. Ne5 Nxe5 16. Bxe5 Bxg2 17. Kxg2 Qe7 18. Bb2 Rfd8 19. Rc1 d4 20. Qg4 Ba3 21. Bxd4 f5 22. Qxf5 Bxc1 23. Rxc1 b6 24. Kh2 Rd7 25. Rc4 Rf8 26. Qc2 Qf7 27. f4 Qd5 28. Qg2 Qf7 29. Qc6 h5 30. g4 hxg4 31. hxg4 Qe7 32. g5 Rd6 33. Qg2 Qf7 34. Qg4 Re8 35. Rc2 Qb7 36. Qh5 Rc8 37. Rg2 Qd5 38. Qh3 Rcc6 39. f5 Rd7 40. g6 Qd6+ 41. Qg3 Qxg3+ 42. Kxg3 Rc1 43. Rh2 Rf1 44. Kg4 Re7 45. Rh5 Rf2 46. Kg3 Rxa2 47. Rh7 Ra5 48. f6 Re4 49. f7+ 1-0

[Event "Titled Tue 22nd Aug Late"]
[Site "chess.com INT"]
[Date "2023.08.22"]
[Round "9"]
[White "Andreikin, D."]
[Black "Sarana, A."]
[Result "1/2-1/2"]
[WhiteElo "2729"]
[BlackElo "2685"]
[PlyCount "97"]
[EventDate "2023.08.22"]

1. d4 Nf6 2. c4 e6 3. Nf3 d5 4. Bg5 Be7 5. e3 h6 6. Bh4 Nbd7 7. Nc3 O-O 8. Rc1 c6 9. a3 a6 10. c5 ({RR} 10. cxd5 exd5 11. Qc2 Ne8 12. Bg3 Bd6 13. Bd3 Bxg3 14. hxg3 Ndf6 15. Ne5 Nd6 16. f3 Re8 17. Ne2 Nd7 18. Rh5 f6 19. Nxd7 Bxd7 20. Kf2 f5 21. Re1 Rxe3 22. Kxe3 Qe8+ 23. Kf2 Qxh5 24. Qc5 Qg6 {Le,Q (2741)-Carlsen,M (2832) Budapest HUN 2024 0-1 (45)}) 10... e5 11. Be2 ({RR} 11. dxe5 Ne8 12. Bxe7 Qxe7 13. Qd4 Nc7 14. b4 a5 15. Be2 axb4 16. axb4 Ne6 17. Qd2 b6 18. b5 Ndxc5 19. Rb1 Ne4 20. Nxe4 dxe4 21. Nd4 Nxd4 22. Qxd4 c5 23. Qxe4 Bb7 24. Qf4 Bxg2 25. Rg1 Bd5 {Aronyak,G (2524)-Ghosh,D (2571) Mahilong Village IND 2026 ½-½ (55)}) 11... e4 12. Nd2 Re8 $146 ({RR} 12... Nh7 13. Bg3 f5 14. h4 g5 15. hxg5 hxg5 16. f4 exf3 17. Nxf3 Bf6 18. Kd2 Re8 19. Qg1 g4 20. Qh2 Qe7 21. Ne5 Nxe5 22. Bxe5 Bxe5 23. dxe5 Be6 24. Bd3 Rf8 25. Ne2 Rf7 26. Nd4 Raf8 27. b4 {Akobian,V (2612)-Shulman,Y (2632) Upper Lake 2009 1-0 (33)}) 13. b4 Nf8 14. a4 Ng6 15. Bg3 Bf5 16. b5 axb5 17. axb5 Qd7 18. O-O h5 19. h3 h4 20. Bh2 Ra3 21. Re1 Rea8 22. Bf1 Bd8 23. Qc2 Nh7 24. Qb2 Ng5 25. Ra1 R3a5 26. Rxa5 Rxa5 27. Kh1 Kh7 28. Nb3 Ra8 29. Ra1 Rxa1 30. Qxa1 Bc7 31. Bxc7 Qxc7 32. b6 Qe7 33. Nd2 Qf6 34. Kg1 Nf8 35. Qa8 Nfe6 36. Qxb7 Qg6 37. Kh2 Bxh3 38. gxh3 Qf5 39. Kg1 Nxh3+ 40. Bxh3 Qxh3 41. Qxf7 Qg4+ 42. Kf1 h3 43. Ndxe4 dxe4 44. Nxe4 Qxe4 45. Qh5+ Kg8 46. Qe8+ Kh7 47. Qh5+ Kg8 48. Qe8+ Kh7 49. Qh5+ 1/2-1/2

[Event "Titled Tue 23rd Dec 2025"]
[Site "chess.com INT"]
[Date "2025.12.23"]
[Round "8"]
[White "Abdusattorov, Nodirbek"]
[Black "Tabatabaei, M."]
[Result "1-0"]
[WhiteElo "2732"]
[BlackElo "2700"]
[PlyCount "95"]
[EventDate "2025.12.23"]

1. d4 d5 2. c4 e6 3. Nf3 Nf6 4. cxd5 exd5 5. Nc3 c6 6. Bf4 Nh5 7. Bg5 Be7 8. Bxe7 Qxe7 9. e3 Bf5 ({RR} 9... O-O 10. h3 Nd7 11. Bd3 Nf4 12. Bf1 a5 13. Qc2 b5 14. Ne2 Qb4+ 15. Nd2 Qxb2 16. Qxb2 Nd3+ 17. Kd1 Nxb2+ 18. Kc2 Nc4 19. Nf4 Ndb6 20. Nb3 Na4 21. g4 g5 22. Nd3 f5 23. h4 fxg4 24. hxg5 {Carlsen,M (2859)-Nakamura,H (2768) chess.com INT 2022 0-1}) ({RR} 9... Nf6 10. Bd3 Bg4 11. Qb3 Bxf3 12. gxf3 Qc7 13. Rc1 Qb6 14. Na4 Qxb3 15. axb3 Nbd7 16. b4 a6 17. Kd2 g6 18. h4 Kd8 19. Nc5 Kc7 20. Ra1 Rad8 21. Rhc1 Ne8 22. h5 Nd6 23. Rh1 Nf6 24. hxg6 {Carlsen,M (2841)-Abdusattorov,N (2777) Hong Kong HKG 2026 0-1 (52)}) 10. Be2 Nd7 11. O-O Nhf6 12. Nh4 $146 ({RR} 12. Qb3 Rb8 13. a4 a5 14. Qa3 h5 15. Rfc1 h4 16. h3 Qxa3 17. bxa3 Ke7 18. Nd2 Ne8 19. f3 Bg6 20. Kf2 Nd6 21. Ra2 f5 22. f4 Bh5 23. Bxh5 Rxh5 24. Nf3 Nf6 25. Ng5 Nfe4+ 26. Ncxe4 Nxe4+ {Rustemov,A (2525)-Kollars,D (2630) chess.com INT 2026 0-1 (54)}) 12... Bg6 13. Qb3 Rb8 14. a4 a5 15. Qa3 Qxa3 16. Rxa3 Ke7 17. g3 Ne8 18. Nxg6+ hxg6 19. h4 Nd6 20. Rb1 Ra8 21. Kg2 Ra7 22. Bd3 Nf6 23. f3 Nf5 24. Kf2 Re8 25. h5 Kf8 26. Re1 Ne7 27. hxg6 Nxg6 28. Bxg6 fxg6 29. e4 dxe4 30. fxe4 b6 31. Rb3 Rf7 32. Kg2 c5 33. dxc5 bxc5 34. Rb5 Ng4 35. Re2 Re5 36. Rxa5 Kg8 37. Rb5 Rh5 38. a5 Rh2+ 39. Kg1 Rh3 40. a6 Ne5 41. Kg2 Rh5 42. Rxc5 Ra7 43. Ra5 Ng4 44. Ra1 Rh2+ 45. Kg1 Rh3 46. Nb5 Ra8 47. a7 Kh7 48. Nc7 1-0

[Event "Titled Tue 5th Sep Early"]
[Site "chess.com INT"]
[Date "2023.09.05"]
[Round "6"]
[White "Andreikin, D."]
[Black "Navara, D."]
[Result "0-1"]
[WhiteElo "2729"]
[BlackElo "2688"]
[PlyCount "96"]
[EventDate "2023.09.05"]

1. d4 Nf6 2. c4 e6 3. Nf3 d5 4. Bg5 dxc4 5. e4 c5 6. Nc3 cxd4 7. Qxd4 Qxd4 8. Nxd4 a6 9. Bxc4 b5 ({RR} 9... Bb4 10. f3 Bd7 11. Rc1 Nc6 12. Nb3 Ne5 13. Be2 Bb5 14. a3 Bxe2 15. Kxe2 Be7 16. Na4 b5 17. Nb6 Rd8 18. Nc8 Bf8 19. Na5 h6 20. Be3 Nd3 21. Rc7 Nxb2 22. Nb6 Bd6 23. Ra7 Na4 24. Nc6 {Andreikin,D (2710)-Ter Sahakyan,S (2613) chess.com INT 2026 1-0}) 10. Be2 Bb7 11. f3 Nc6 $146 ({RR} 11... Nbd7 12. Nb3 Rc8 13. Rd1 Bb4 14. Bd2 Ne5 15. O-O O-O 16. a3 Be7 17. Bf4 Nc4 18. Bxc4 bxc4 19. Nc1 Rfd8 20. Kf2 Nd7 21. Bd6 Bxd6 22. Rxd6 Nc5 23. Rxd8+ Rxd8 24. Ke3 Kf8 25. Rd1 Rc8 26. Rd6 {Andreikin,D (2729)-Diaz Camallonga,C (2484) chess.com INT 2023 1-0 (43)}) 12. Nxc6 Bxc6 13. Rc1 Bd6 14. Kf2 Rc8 15. Rhd1 Ke7 16. g3 Rhd8 17. a3 h6 18. Be3 Bb7 19. Bb6 Rd7 20. Ba5 Be5 21. Bb4+ Ke8 22. Kg2 Rxd1 23. Rxd1 g5 24. g4 Nd7 25. a4 bxa4 26. Nxa4 Rc2 27. Rd2 Rxd2 28. Bxd2 Bc6 29. b3 Bb5 30. Bxb5 axb5 31. Nc3 Nc5 32. Nxb5 Nxb3 33. Bb4 Nd4 34. Bc3 Nxb5 35. Bxe5 Ke7 36. Bg7 f6 37. Bxh6 e5 38. Kg3 Nd4 39. Kf2 Kf7 40. h4 Ne6 41. hxg5 fxg5 42. Bxg5 Nxg5 43. Ke3 Ne6 44. Kd3 Kf6 45. Kc4 Ng5 46. Kd5 Nxf3 47. Kd6 Kg5 48. Ke6 Kxg4 0-1

[Event "Asian Games Men Team 2023"]
[Site "Hangzhou CHN"]
[Date "2023.09.30"]
[Round "2.3"]
[White "Yakubboev, Nodirbek"]
[Black "Vidit, S."]
[Result "1/2-1/2"]
[WhiteElo "2617"]
[BlackElo "2716"]
[PlyCount "96"]
[EventDate "2023.09.29"]
[WhiteTeam "Uzbekistan"]
[BlackTeam "India"]
[WhiteTeamCountry "UZB"]
[BlackTeamCountry "IND"]

1. c4 c6 2. Nf3 d5 3. d4 Nf6 4. e3 e6 5. Nbd2 Be7 6. b3 O-O 7. Bb2 Nbd7 8. Bd3 c5 9. Qe2 b6 10. O-O Bb7 11. Rfd1 Rc8 12. Rac1 dxc4 ({RR} 12... Qc7 13. cxd5 exd5 14. dxc5 bxc5 15. Nd4 Qb8 16. Nf5 Rfe8 17. Nxe7+ Rxe7 18. Bb1 Ree8 19. Qd3 Qa8 20. Qf5 a5 21. Nf3 Qa6 22. Ng5 h6 23. Nh3 Qe6 24. Nf4 Qxf5 25. Bxf5 Rc7 26. Bxd7 Nxd7 27. Nxd5 {Lopusiewicz,P (2301)-Ivanov,A (2068) chess.com INT 2024 1-0 (58)}) 13. Nxc4 Bxf3 14. gxf3 $146 ({RR} 14. Qxf3 cxd4 15. Bxd4 b5 16. Nb2 Qa5 17. Rxc8 Rxc8 18. Qb7 Rc7 19. Qxb5 Qxb5 20. Bxb5 e5 21. Bxa7 Rxa7 22. a4 Nc5 23. Nc4 Nxb3 24. Nxe5 Na5 25. g3 g6 26. Nd7 Ne4 27. Nb6 Nc3 28. Nc8 Rc7 {Grischuk,A (2732)-Vidit,S (2716) Kolkata IND 2023 ½-½ (173)}) 14... cxd4 15. Bxd4 b5 16. Ne5 Rxc1 17. Rxc1 Nxe5 18. Bxe5 a6 19. f4 g6 20. a4 bxa4 21. bxa4 a5 22. Bb5 Nd5 23. e4 f6 24. exd5 fxe5 25. Rd1 Rxf4 26. Qxe5 Bd6 27. Qxe6+ Kg7 28. Qd7+ Qxd7 29. Bxd7 Bc5 30. Rd2 Rd4 31. Rxd4 Bxd4 32. Kg2 Kf6 33. f4 Bc5 34. Kf3 Bd6 35. h3 Bc7 36. Ke4 Bd6 37. f5 gxf5+ 38. Bxf5 h6 39. Be6 Bb4 40. Bg4 Ke7 41. Be6 Kd6 42. Bg4 Bd2 43. h4 Be1 44. h5 Bd2 45. Bf3 Bb4 46. Be2 Bd2 47. Bf3 Bb4 48. Be2 Bd2 1/2-1/2

[Event "CHN-IND Summit 2nd"]
[Site "Liaocheng"]
[Date "2017.03.06"]
[Round "2.2"]
[White "Bu, Xiangzhi"]
[Black "Sethuraman, SP."]
[Result "1/2-1/2"]
[WhiteElo "2711"]
[BlackElo "2629"]
[PlyCount "95"]
[EventDate "2017.03.05"]
[EventType "team-schev"]
[EventRounds "4"]
[EventCountry "CHN"]
[SourceTitle "CBM 178"]
[Source "ChessBase"]
[SourceDate "2017.05.14"]
[SourceVersion "1"]
[SourceVersionDate "2017.05.14"]
[SourceQuality "1"]
[WhiteTeam "China"]
[BlackTeam "India"]
[WhiteTeamCountry "CHN"]
[BlackTeamCountry "IND"]

1. d4 {Schulz,Andre} d5 2. c4 e6 3. Nf3 Nf6 4. e3 a6 5. b3 c5 6. Bb2 Nc6 7. Nbd2 cxd4 8. exd4 g6 9. Bd3 ({RR} 9. Be2 Bg7 10. O-O O-O 11. Ne5 Nd7 12. Nxc6 bxc6 13. Nf3 Qa5 14. Qc2 Bb7 15. Rfd1 Rfc8 16. Bc3 Qc7 17. Qd2 Nf6 18. Ba5 Ne4 19. Bxc7 Nxd2 20. Bb6 Nxf3+ 21. Bxf3 Bh6) 9... Bg7 10. O-O O-O 11. Rc1 dxc4 ({RR} 11... b6 12. Re1 Bb7 13. a3 Rc8 14. Qe2 dxc4 15. bxc4 Re8 16. h3 Qc7 17. Qe3 Ne7 18. Ne5 Nf5 19. Bxf5 exf5 20. Ndf3 Bxf3 21. Qxf3 Ne4 22. Re2 Qd6 ({RR} 22... Rcd8) 23. Qb3 ({RR} 23. Rxe4 fxe4 24. Qxf7+) 23... Bxe5 24. dxe5 Qc6 25. Qe3 Rcd8 ({RR} 25... Re6) 26. f3 {Radjabov,T (2738)-Carlsen,M (2850) Berlin 2015 CBM 168 Extra [Schulz,Andre] 1-0 (41)}) 12. bxc4 b5 13. Ne4 $146 ({RR} 13. cxb5 Nb4 14. Bc4 axb5 15. Bxb5 Nxa2 16. Ra1 Ba6 17. Bxa6 Rxa6 18. Nc4 Nd5 19. Ba3 Nac3 20. Qc2 Re8 21. Bb2 Rxa1 22. Rxa1 Qc7 23. Nce5 Rc8 24. h3 Qb7 25. Bxc3 Rxc3 26. Qa2 Bf8 27. Qa7 Rc7 {Koneru,H (2472)-Ushenina,A (2444) Hengshui 2019 ½-½ (48)}) 13... bxc4 14. Rxc4 Na5 15. Rc5 Nxe4 16. Bxe4 Bb7 17. Qe2 Bxe4 18. Qxe4 Rc8 19. Ba3 Re8 20. Rb1 Rxc5 21. dxc5 Qc7 22. Rb6 Rb8 23. g3 Rc8 24. Rxa6 Qb7 25. Qxb7 Nxb7 26. c6 Nd8 27. c7 Rxc7 28. Ra8 Bf6 29. Nd2 Rd7 30. Ne4 Be5 31. Bd6 Ba1 32. Rc8 Kg7 33. a4 f5 34. Rc7 Rxc7 35. Bxc7 Nb7 36. Ng5 Nc5 37. a5 Na6 38. Bd6 Kf6 39. Nxh7+ Kf7 40. Ng5+ Kf6 41. f4 Bc3 42. Nf3 Bxa5 43. Be5+ Ke7 44. Bd4 Bc7 45. Kg2 Nb8 46. Kh3 Nc6 47. Bb2 Ke8 48. Nh4 1/2-1/2

[Event "Titled Tue 7th May Early"]
[Site "chess.com INT"]
[Date "2024.05.07"]
[Round "11"]
[White "Andreikin, D."]
[Black "Dominguez Perez, L."]
[Result "0-1"]
[WhiteElo "2729"]
[BlackElo "2748"]
[PlyCount "94"]
[EventDate "2024.05.07"]

1. c4 e6 2. Nf3 d5 3. d4 Nf6 4. Bg5 dxc4 5. e4 c5 6. Nc3 cxd4 7. Qxd4 Qxd4 8. Nxd4 h6 ({RR} 8... a6 9. Bxc4 Bb4 10. f3 Bd7 11. Rc1 Nc6 12. Nb3 Ne5 13. Be2 Bb5 14. a3 Bxe2 15. Kxe2 Be7 16. Na4 b5 17. Nb6 Rd8 18. Nc8 Bf8 19. Na5 h6 20. Be3 Nd3 21. Rc7 Nxb2 22. Nb6 Bd6 23. Ra7 {Andreikin,D (2710)-Ter Sahakyan,S (2613) chess.com INT 2026 1-0}) 9. Bh4 Bd7 10. Bxc4 Nc6 11. Nb3 $146 ({RR} 11. Nxc6 Bxc6 12. f3 a6 13. Rc1 Nd7 14. O-O g5 15. Bf2 Bg7 16. Rfd1 Ke7 17. Bb3 Rhc8 18. a4 b6 19. Bc4 Bxc3 20. Rxc3 Bxa4 21. Ra1 b5 22. h4 Ne5 23. Be2 Rxc3 24. bxc3 Rc8 25. Bd4 f6 {Stocek,J (2471)-Samunenkov,I (2584) Czech Republic CZE 2026 0-1 (52)}) 11... g5 12. Bg3 Nh5 13. O-O-O Nxg3 14. hxg3 Bg7 15. Nb5 Ke7 16. Nc5 Ne5 17. Nxd7 Nxc4 18. Nc5 Rhc8 19. Rd7+ Kf8 20. b4 b6 21. Na6 Ne5+ 22. Rc7 Nd3+ 23. Kb1 Nxf2 24. Rhc1 Rxc7 25. Rxc7 Be5 26. Rxa7 Rxa7 27. Nxa7 Nxe4 28. Kc2 Bxg3 29. a4 f5 30. Nc8 Bf2 31. a5 bxa5 32. bxa5 h5 33. Nb4 h4 34. Nd3 Bd4 35. a6 g4 36. Ne5 h3 37. gxh3 gxh3 38. Nf3 Bc5 39. a7 Bxa7 40. Nxa7 Kg7 41. Kd3 Kh6 42. Ke3 Kh5 43. Nc6 Kg4 44. Nce5+ Kg3 45. Ng6 Nf6 46. Nf4 Ng4+ 47. Ke2 Kxf4 0-1

[Event "TCh-ESP Div Honor 2024"]
[Site "Melilla ESP"]
[Date "2024.10.13"]
[Round "2.16"]
[White "Yuffa, D."]
[Black "Illescas Cordoba, M."]
[Result "1-0"]
[WhiteElo "2608"]
[BlackElo "2600"]
[PlyCount "93"]
[EventDate "2024.10.12"]
[WhiteTeam "C.A. SILLA - INTEGRANT COL·LECTIUS"]
[BlackTeam "MYINVESTOR CASABLANCA"]

1. d4 d5 2. c4 e6 3. Nf3 Nf6 4. g3 c5 5. cxd5 Nxd5 6. Bg2 cxd4 7. O-O Bc5 8. Nxd4 O-O 9. Nb3 Bb6 10. Na3 Nc6 11. Nc4 Bc7 12. Ne3 ({RR} 12. e4 Ndb4 13. Qe2 Qd3 14. Qxd3 Nxd3 15. Rd1 Nxc1 16. Raxc1 e5 17. Ne3 Bb6 18. Nd5 Bg4 19. Rd2 Rad8 20. Nxb6 axb6 21. Rd5 Be6 22. a3 Bxd5 23. exd5 Nd4 24. Nxd4 exd4 25. Rd1 Rfe8 26. Kf1 Rd6 {Bambino Filho,A (2220)-Buchenau,F (2205) chess.com INT 2026 1-0 (73)}) 12... Re8 $146 ({RR} 12... Nce7 13. Nxd5 Nxd5 14. Bd2 Be5 15. e4 Ne7 16. Bb4 Bd7 17. Qd2 Re8 18. Rad1 Nc6 19. Ba3 Bc8 20. Qxd8 Rxd8 21. Rxd8+ Nxd8 22. f4 Bc7 23. Rc1 Nc6 24. e5 Bb6+ 25. Bc5 Bd7 26. Bxb6 axb6 27. a3 {Iskusnyh,S (2440)-Buchenau,F (2135) chess.com INT 2023 1-0 (47)}) 13. Bd2 Nxe3 14. Bxe3 Bb6 15. Qxd8 Rxd8 16. Rfd1 Bd7 17. Nc5 Bxc5 18. Bxc5 Be8 19. b4 Rxd1+ 20. Rxd1 b6 21. Be3 Rd8 22. Rxd8 Nxd8 23. Bf4 Bb5 24. Bd6 Nc6 25. e3 f5 26. e4 g6 27. exf5 gxf5 28. f4 Nd4 29. Kf2 Bc4 30. a4 Bb3 31. a5 bxa5 32. Bc5 Nb5 33. Bc6 Nc3 34. bxa5 Ne4+ 35. Bxe4 fxe4 36. Bxa7 h5 37. Ke3 Bc2 38. Kd4 Kf7 39. Ke5 Bd3 40. Bc5 e3 41. Bxe3 Bf1 42. Kd6 Kf6 43. Kc7 Kf5 44. Kb6 Ke4 45. Bc5 Kd5 46. Ba3 e5 47. a6 1-0

[Event "Samba Cup 2nd"]
[Site "Skanderborg"]
[Date "2005.10.21"]
[Round "7"]
[White "Jobava, Baadur"]
[Black "Timofeev, Artyom"]
[Result "1-0"]
[WhiteElo "2601"]
[BlackElo "2658"]
[PlyCount "93"]
[EventDate "2005.10.14"]
[EventType "tourn"]
[EventRounds "9"]
[EventCountry "DEN"]
[EventCategory "16"]
[SourceTitle "CBM 110"]
[Source "ChessBase"]
[SourceDate "2006.01.31"]
[SourceVersion "1"]
[SourceVersionDate "2006.01.31"]
[SourceQuality "1"]

1. d4 d5 2. c4 e6 3. Nf3 c6 4. Qc2 Nf6 5. Bg5 h6 6. Bh4 dxc4 7. Qxc4 b5 8. Qc2 Bb7 9. e3 Nbd7 10. Bd3 Rc8 11. O-O ({RR} 11. Qe2 b4 12. O-O c5 13. a3 cxd4 14. exd4 Qa5 15. Nbd2 bxa3 16. bxa3 Be7 17. Rab1 Bxf3 18. Nxf3 O-O 19. Rb7 Qxa3 20. d5 Nc5 21. Rxe7 Nxd3 22. Bxf6 gxf6 23. Rb7 Rc1 24. g3 Rxf1+ 25. Kxf1 Qc1+ {Izoria,Z (2593)-Ivanchuk,V (2715) Yerevan 2004 0-1 (68)}) 11... Be7 12. Qe2 O-O 13. Rd1 a6 $146 ({RR} 13... b4 14. a3 a5 15. axb4 axb4 16. Nbd2 c5 17. Nc4 cxd4 18. exd4 Bd5 19. Ne3 Be4 20. Bxe4 Nxe4 21. Bxe7 Qxe7 22. d5 Ndf6 23. Nd4 exd5 24. Nef5 Qc5 25. f3 g6 26. Nxh6+ Kg7 27. Qe3 Nd6 28. Rac1 {Izoria,Z (2593)-Frolyanov,D (2482) Yerevan 2004 ½-½ (43)}) 14. a4 Nd5 15. Bxe7 Qxe7 16. Nc3 Nb4 17. Be4 Rc7 18. Nd2 bxa4 19. Rxa4 c5 20. dxc5 Qxc5 21. Bxb7 Rxb7 22. Nde4 Qc7 23. Nd6 Nc5 24. Ncb5 axb5 25. Rxb4 Rb6 26. Nxb5 Qb8 27. Rc1 Rc8 28. h4 e5 29. Qc4 e4 30. h5 Rcc6 31. Qd5 Na6 32. Rxc6 Rxc6 33. Qxc6 Nxb4 34. Qd7 Qe5 35. Nd6 Kh7 36. Nf5 Qf6 37. Ng3 Qxb2 38. Qxf7 Qa1+ 39. Kh2 Qe5 40. Qg6+ Kh8 41. Qxe4 Qd6 42. Qd4 Qf8 43. Qd7 Na6 44. Ne4 Nb8 45. Qe6 Qd8 46. Kh3 Nd7 47. Nd6 1-0